000 00524nam a22001697a 4500
999 _c8302
_d8302
008 201112b ||||| |||| 00| 0 eng d
040 _aBMS College of Architecture
100 _aAbirami, P R
245 _aSpace Lapse -Future idea of a workplace
300 _aNA
500 _a1BM15AT004
502 _8B,Arch
_NBMS College of Architecture, Visvesvaraya Technological University (VTU)
_aProject report
_d2019
650 _aSpace
700 _aShanu Raina
_eGuide
700 _aShanthesh kelvekar
_eGuide
942 _2ddc
_cTHE